Business Ethics: (Record no. 190901)

MARC details
000 -LEADER
fixed length control field 00693nam a22002057a 4500
005 - DATE AND TIME OF LATEST TRANSACTION
control field 20220810115540.0
010 ## - LCCN (DPL NO)
LC control number ENG-134107
020 ## - INTERNATIONAL STANDARD BOOK NUMBER
International Standard Book Number 97870198755968
Terms of availability 650.00
035 ## - SYSTEM CONTROL NUMBER
System control number EN-117639
037 ## - SOURCE OF ACQUISITION
Source of stock number/acquisition DBAB/PUB
082 ## - DEWEY DECIMAL CLASSIFICATION NUMBER
Classification number 174.4
100 ## - MAIN ENTRY--PERSONAL NAME
Personal name Crane, Andrew
245 ## - TITLE STATEMENT
Title Business Ethics:
Remainder of title Managing Corporate Citizenship And Sustainability in the Age of Globalization/
Statement of responsibility, etc Andrew Crane and Dirk Matten
250 ## - EDITION STATEMENT
Edition statement International Edition
260 ## - PUBLICATION, DISTRIBUTION, ETC. (IMPRINT)
Place of publication, distribution, etc United Kingdom
Name of publisher, distributor, etc Oxford University Press
Date of publication, distribution, etc 2016
270 ## - ADDRESS
Address Great Clarendon Street, Oxford, OX2 6DP
City United Kingdom
300 ## - PHYSICAL DESCRIPTION
Extent vi, 569p.
Dimensions 25cm(pbk)
700 ## - ADDED ENTRY--PERSONAL NAME
Personal name Matten, Dirk
942 ## - ADDED ENTRY ELEMENTS (KOHA)
Source of classification or shelving scheme Dewey Decimal Classification
Item type English Books
Classification part 174.4
Call number suffix CRA
Holdings
Withdrawn status Lost status Not for loan Collection code Home library Current library Date acquired Source of acquisition Cost, normal purchase price Full call number Barcode Copy number Cost, replacement price Koha item type
      Non-fiction Bawana Bawana 10/08/2022 DBAD/PUB 650.00 174.4 CRA EN-117639 1 650.00 English Books

© Delhi Public Library
Hit Counter
free hit counter